Biblioteca

The maths of a miracle (Registro nro. 62556)

Detalles MARC
000 -LÍDER
Campo fijo de descripción fija 004220000a22001210004500
100 1# - ASIENTO PRINCIPAL--NOMBRE PERSONAL
Nombre personal Thomas, Catherine
245 10 - TÍTULO
Título del Material The maths of a miracle
300 ## - DESCRIPCIÓN FÍSICA
Extensión Vol.0, núm.120 ( , 2008), Páginas 12-15
500 ## - NOTA GENERAL
Nota General Tearfund invita a la iglesia mundial a la reflexión sobre la pobreza mundial y el papel de cada uno en suplir las necesidades de los pobres.
650 14 - ASIENTO SECUNDARIO DE MATERIA - TERMINO TEMÁTICO
Término temático o nombre geográfico como elemento de entrada POBREZA MUNDIAL
773 0# - HOST ITEM ENTRY
Title Teartimes
942 ## - TIPO DE MATERIAL (KOHA)
Tipo de Item KOHA Artículos de Revista
Existencias
Estado de Material Estado de Perdido Estado de Dañado No para Préstamo Colección Biblioteca de Origen Biblioteca Permanente Fecha de Adquisición Total de Préstamos Signatura Topográfica Última vez visto Fecha de Remplazo Tipo de Material
        Colección de Hemeroteca Biblioteca FUSBC Biblioteca FUSBC 26/01/2016   26/01/2016 26/01/2016 Artículos de Revista

Biblioteca FUSBC | Teléfono: (57+4) 349 88 10 Ext. 141| WhatsApp (+57) 3005338115 
E-mail: biblioteca@unisbc.edu.co | Calle 76 87-14 Robledo Palenque, Medellín, Colombia

Con tecnología Koha